00629cam a22002297a 4500003000500000005001700005008004100022010001000063011001000073020001500083035001000098040000900108082002000117100002700137245008300164260004200247300002000289650002200309650002800331650001400359700002600373CHAP20220329141258.0050425s2004 us a r 00010 eng d a65652 a66624 a0195165659 a75086 cCHAP04a591.14bG7 200400aGriffin, James E.eed.10aTextbook of endocrine physiologyc/ed. by James E. Griffin and Sergio R. Ojeda aNew York :bOxford University,c2004. a431 p.b: ilus.14aEndocrinología.14aGlándulas endocrinas.14aHormonas.0 aOjeda, Sergio R.eed.